Pohled zdálky, zato fundovaný.

Správa o seminári "Úloha hospodárskej politiky v trhovej ekonomike v podmienkach ČSFR" ktorý usporiadalo japonské veľvyslanectvo v marci 1992 v Prahe. Zaujímavé pasáže z vystúpení pánov Sato, Shimamoto, Hoshino, Nishiyama, Matsumoto.

Saved in:
Bibliographic Details
Format: Book Chapter
Language:Czech
Subjects:
Tags: Add Tag
No Tags, Be the first to tag this record!

MARC

LEADER 00000naa a2200000 4500
001 r007755
005 20220831085242.9
041 0 |a cze 
044 |a [CS] 
245 1 0 |a Pohled zdálky, zato fundovaný. 
520 |a Správa o seminári "Úloha hospodárskej politiky v trhovej ekonomike v podmienkach ČSFR" ktorý usporiadalo japonské veľvyslanectvo v marci 1992 v Prahe. Zaujímavé pasáže z vystúpení pánov Sato, Shimamoto, Hoshino, Nishiyama, Matsumoto. 
610 2 0 |a politika hospodárska 
610 2 0 |a hospodárstvo trhové 
610 2 0 |a ČSFR 
610 2 0 |a semináre 
610 2 0 |a 1992 
610 2 0 |a Praha